000 00862nam a2200241Ia 4500
003 GCL
008 140319s9999 xx 000 0 ara d
040 _aGCL /
_cGCL
082 0 4 _aد
_b328.3063
_bر ا
100 1 _aالمجالس القومية المتخصصة
245 1 0 _aالاراضى الجديدة /
_cالمجالس القومية المتخصصة
700 1 _aالمجلس القومى للانتاج الشئون ا
260 _a[S.N] :
_bالمجلس القومى للانتاج والشئون الاقتصادية ،
_c1986
300 _a187 ص
490 _aالمؤسسة المصرية فى الفن والحياة
_v0
650 0 4 _aمصر
650 0 4 _aالزراعة
650 0 4 _aمصادر المياه
650 0 4 _aاصلاح الاراضى
650 0 4 _aالرى
650 0 4 _aتعمير الاراضى
942 _2ddc
_cCF
999 _c27225
_d27225